000 02235nab a2200301 i 4500
003 BR-BrBNA
005 20240927104847.0
008 240927b2022 bl.qr|pooa||| 00| 0 eng |
040 _aBR-BrBNA
_beng
072 _aF60
072 _aS01
100 _aFortuna, Tila
100 _aDantas, Juliana Borges de Lima
100 _aAraújo, Roberto Paulo Correia de
100 _aCampos, Elisângela de Jesus
100 _aMartins, Gabriela Botelho
245 _aThe role of Matricaria recutita in health and dental practice: a narrative literature review
500 _aPublicação on-line; Bibliography p. 19-21 (50 ref.); 1 table; Summary (En)
520 _a ABSTRACT: Popularly known as chamomile, Matricaria recutita belongs to a wide group of medicinal plants that has been used since ancient times. Its popularity is due to its composition containing several bioactive phytochemicals that are capable of providing therapeutic effects that improve cardiovascular conditions, stimulate the immune system, and have antiseptic, sedative and anti-inflammatory actions. The aim of this study is to describe possible uses of M. recutita in health field, particularly in Dentistry, whether for the prevention or control of diseases, highlighting its benefits and forms of presentation that have already been investigated in the scientific literature. In Dentistry, there are reports and indications of use has been used as a therapeutic agent to prevent the formation of dental biofilm, for treatment of patients with mucositis, gingivitis, oral infections, bone resorption and oral thrush, and also to help relief symptoms in patients with xerostomia and burning mouth syndrome. Keywords: chamomile, Matricaria, phytotherapy, dentistry
650 _aCAMOMILA
650 _aPLANTA MEDICINAL
650 _aFITOTERAPIA
650 _aODONTOLOGIA
773 0 _03543
_9344822
_dBotucatu-SP Instituto de Biociências - Departamento de Química e Bioquímica 1998
_o2024-5150
_tRevista Brasileira de Plantas Medicinais (Brazil)
_x1516-0572
_gv. 24(1) p. 12-21; (2022)
_wBR2024002593
856 _uhttps://www.sbpmed.org.br/admin/files/papers/file_qT5C1a2snMcx.pdf
942 _cANA
999 _c327847
_d327847